000 00461nam a2200181Ia 4500
001 4798
005 20260306145821.0
008 260306t2015||||xx |||||||||||||| ||spa||
041 _aESP
082 _a330.1
_bU73
100 _aUrbina, Dante A.
_eAUT
245 0 _aEconomía para herejes:
_bdesnudando los mitos de la economía ortodoxa
260 _c2015
300 _a309 páginas :
_c23 cm.
650 _aGEN
654 _aCAN
942 _cLIB
_dJUS
_fJUS
_2ddc
_n
999 _c4798
_d4798